000 00251nam a2200097Ia 4500
001 1250351
005 20251031150854.0
008 251031s9999 xx 000 0 und d
245 0 _cKAHRAMAN TAZEOĞLU
_aC-5 CEVAPSIZ ÇAĞRI
260 _bDESTEK YAYINLARI
999 _c1250351
_d1250351